| 000 | 00511 a2200157 4500 | ||
|---|---|---|---|
| 999 |
_c591 _d591 |
||
| 020 | _a9780073379906 | ||
| 050 | _aDS 885 COL 2008 | ||
| 100 |
_aCollinwood, Dean. W _eauthor |
||
| 245 |
_aGlobal studies: _bjapan and the pacific rim/ _cDean W. Collinwood |
||
| 264 |
_aDubuque: _bMacGraw- Hill, _c2008. |
||
| 300 |
_axiv, 207p. _bill. |
||
| 500 | _aIncludes bibliography and index | ||
| 650 |
_aEast Asia-- History-- 20th century _xPoltics and government |
||
| 651 | _aJapan | ||
| 942 |
_2lcc _cBK _e9th ed. _h885 _iCOL _kDS |
||